000 00514nam a2200229Ia 4500
003 OSt
005 20220924142815.0
006 a|||||r|||| 00| 0
007 ta
008 ASM
024 _a303405
037 _cTextual
040 _aARTS
_cARTS
_bASM
041 _2ASM
_aASM
082 _aO158:g, M1
100 _aGoswami
245 0 _aSahitya samikshan
260 _c1981
650 _aASSAMESE LITERATURE
_911738
942 _hO158:g, M1
_cTEXL
_2CC
999 _c452062
_d452062